Shopping centre frenzy falters (Record no. 75704)

MARC details
000 -LEADER
fixed length control field 00804cab a2200181 4500
001 - CONTROL NUMBER
control field L130566
008 - FIXED-LENGTH DATA ELEMENTS--GENERAL INFORMATION
fixed length control field 050812n2005 000 0 eng u
035 ## - SYSTEM CONTROL NUMBER
System control number (Sirsi) u130566
041 ## - LANGUAGE CODE
Language code of text/sound track or separate title eng
100 ## - MAIN ENTRY--PERSONAL NAME
Personal name McClary, Samantha
245 ## - TITLE STATEMENT
Title Shopping centre frenzy falters
260 ## - PUBLICATION, DISTRIBUTION, ETC.
Date of publication, distribution, etc. 2005
490 ## - SERIES STATEMENT
Series statement Estates Gazette
Volume/sequential designation (0531) 6 August 2005, 22(1)
520 ## - SUMMARY, ETC.
Summary, etc. Brief overview of DTZ's "Shopping centre investment market review" for the Q2 2005. There has been a 75% drop on the first quarter. Despite this DTZ believe that 2005 will be a record year with £1bn shopping centre transactions being processed at the moment.
590 ## - LOCAL NOTE (RLIN)
Local note IKA160805
690 ## - LOCAL SUBJECT ADDED ENTRY--TOPICAL TERM (OCLC, RLIN)
Topical term or geographic name as entry element PROPERTY-COMMERCIAL PROPERTY-RETAIL PROPERTY- SHOPPING CENTRE, MALL AND ARCADE PROPERTY- SHOPPING CENTRES, MALLS AND ARCADES
942 ## - ADDED ENTRY ELEMENTS (KOHA)
Suppress in OPAC 0
Holdings
Withdrawn status Lost status Source of classification or shelving scheme Damaged status Not for loan Home library Current library Shelving location Date acquired Total Checkouts Full call number Barcode Date last seen Copy number Price effective from Koha item type
    Dewey Decimal Classification     London London Journal article 16/08/2005   L130566 130566-1001 06/08/2019 1 06/08/2019 Journal article